Projektový manažment vo verejnom sektore manažment programov EÚ
Enregistré dans:
| Auteur principal: | |
|---|---|
| Collectivité auteur: | |
| Format: | Livre |
| Langue: | slovaque anglais |
| Publié: |
Banská Bystrica
Belianum
2021
|
| Édition: | 1. vydanie |
| Sujets: | |
| Tags: |
Pas de tags, Soyez le premier à ajouter un tag!
|
MARC
| LEADER | 00000nam a2200000 4500 | ||
|---|---|---|---|
| 001 | 0278696 | ||
| 005 | 20220726103815.3 | ||
| 020 | |a 978-80-557-1885-9 | ||
| 041 | 0 | |a slo | |
| 041 | 0 | |a eng | |
| 044 | |a SK | ||
| 245 | 1 | 0 | |a Projektový manažment vo verejnom sektore |b manažment programov EÚ |c Peter Pisár |
| 250 | |a 1. vydanie | ||
| 264 | 1 | |a Banská Bystrica |b Belianum |c 2021 | |
| 300 | |a 155 s. | ||
| 610 | 2 | 0 | |a projekty |
| 610 | 2 | 0 | |a metodika |
| 610 | 2 | 0 | |a riadenie projektové |
| 610 | 2 | 0 | |a sektor verejný |
| 610 | 2 | 0 | |a pomoc finančná |
| 610 | 2 | 0 | |a programy operačné |
| 610 | 2 | 0 | |a monitoring |
| 610 | 2 | 0 | |a riadenie |
| 610 | 2 | 0 | |a riadenie finančné |
| 610 | 2 | 0 | |a obstarávanie verejné |
| 610 | 2 | 0 | |a Európska únia |
| 610 | 2 | 0 | |a 2021-2027 |
| 100 | 1 | |a Pisár, Peter | |
| 710 | 2 | |a Univerzita Mateja Bela v Banskej Bystrici. Ekonomická fakulta | |